| 000 | 00363 a2200157 4500 | ||
|---|---|---|---|
| 001 | 153038 | ||
| 040 | _cEscola São Tomás de Aquino | ||
| 100 | _aVAZ, Fernando | ||
| 240 | 1 | 0 |
_aUma escola de pernas pro ar. _lpor |
| 245 | 1 | 0 | _aUma escola de pernas pro ar. |
| 300 | _a183 | ||
| 362 | 0 | _a2001 | |
| 440 | 1 | _aFTD | |
| 697 | _a*LITERATURA JUVENIL | ||
| 942 | _cBK | ||
| 999 |
_c153038 _d153038 |
||